• 首页
  • 本馆介绍
  • 公告通知
  • 最新文献
  • 馆藏检索
  • 电子资源
  • 读者导购
  • 参考咨询
  • 我的图书馆
  • 登录
  • 详细信息显示
  • 放入我的书架
  • 预约/预借图书
  • 作者相关作品
  • 分类相关作品
  • 丛书相关作品
  • 出版社相关作品

书目信息

  • 表格格式
  • 工作单格式
  • 卡片格式
题名:
论物质利益
    
 
作者:
分册:  
出版信息: 北京   北京出版社  1979
页数: 135页
开本: 19cm
丛书名:
单 册:
中图分类: F046.2 , D648.1
科图分类:
主题词: 社会主义经济-物质利益原则 , 物质利益原则-社会主义经济
电子资源:
ISBN:
000 00607nam0 2200241 45
001 0179008160
005 20040423083621.7
010    @dCNY0.28
091    @a3071.318
100    @a19950714d1979 em y0chiy0121 ea
101 0  @achi
102    @aCN@b110000
105    @ay z 000yy
106    @ar
200 10 @a论物质利益@Alun wu zhi li yi
210    @a北京@c北京出版社@d1979
215    @a135页@d19cm
606    @a社会主义经济-物质利益原则
606    @a物质利益原则-社会主义经济
690    @aF046.2@v3
690    @aD648.1@v3
801  0 @aCN@bNLC@c20031218
905    @dD648.1@e6@f2@b68492-493@b68495@f1
    
    论物质利益.-北京:北京出版社,1979
    135页;19cm
    
    
    ISBN :CNY0.28
    
●
相关链接 在E读中查询图书 在五车中查询图书 在当当中查询图书 在豆瓣中查询图书


正题名:论物质利益     索取号:D648.1/6         预约/预借

序号 登录号 条形码 馆藏地/架位号 状态 备注
1 0068492   000372224   密集书库/ [索取号:D648.1/6] 在馆    
2 0068493   000372242   第一样本阅览室/ [索取号:D648.1/6] 在馆    
3 0068494   001717912   密集书库/ [索取号:D648.1/6] 在馆    
4 0068495   000372233   密集书库/ [索取号:D648.1/6] 在馆    
5 0068496   001717878   密集书库/ [索取号:D648.1/6] 在馆    
唐山师范学院图书馆 欢迎您!
大连网信软件有限公司© 版权所有